000 00311nam a2200121Ia 4500
005 20251222143155.0
008 251222s9999||||xx |||||||||||||| ||spa||
082 _a980.57/P85
100 _aPreston, Susan Harrington
245 0 _aFrente al Cambio:
264 _bInstituto Lingüístico de Verano
942 _cLIB
999 _c12837
_d12837